[Event "80th ch-UKR 2011"]
[Site "Kiev UKR"]
[Date "2011.06.14"]
[Round "5"]
[White "Kryvoruchko, Yuriy"]
[Black "Miroshnichenko, Evgenij"]
[Result "1/2-1/2"]
[WhiteTitle "GM"]
[BlackTitle "GM"]
[WhiteElo "2640"]
[BlackElo "2651"]
[WhiteFideId "14109182"]
[BlackFideId "14102595"]
[EventDate "2011.06.10"]

1. e4 e5 2. Nf3 Nc6 3. Bb5 Nf6 4. O-O Nxe4 5. Qe2 Nd6 6. Bxc6 dxc6 7. Qxe5+ Qe7
8. Qa5 Qd7 9. Qg5 f6 10. Re1+ Kf7 11. Qe3 Kg8 12. Nc3 Qf7 13. d3 h6 14. Bd2 Kh7
15. Nd4 Nf5 16. Qe4 Qg6 17. Nce2 Nxd4 18. Qxd4 Qf5 19. Ng3 Qd5 20. Qe4+ 1/2-1/2

[Event "80th ch-UKR 2011"]
[Site "Kiev UKR"]
[Date "2011.06.14"]
[Round "5"]
[White "Vysochin, Spartak"]
[Black "Volokitin, Andrei"]
[Result "1/2-1/2"]
[WhiteTitle "GM"]
[BlackTitle "GM"]
[WhiteElo "2529"]
[BlackElo "2677"]
[WhiteFideId "14103516"]
[BlackFideId "14107090"]
[EventDate "2011.06.10"]

1. e4 c5 2. c3 d5 3. exd5 Qxd5 4. d4 Nf6 5. Nf3 Nc6 6. Be2 cxd4 7. cxd4 Bf5 8.
Nc3 Qa5 9. O-O e6 10. Bb5 Bb4 11. Bd2 O-O 12. Bxc6 bxc6 13. Ne5 c5 14. a3 cxd4
15. Nc6 Qb6 16. Nxb4 dxc3 17. Bxc3 a5 18. Nc2 Rfd8 19. Nd4 Ne4 20. Qa4 Nxc3 21.
bxc3 Be4 22. Rfe1 Bd5 23. Re3 Rac8 24. Rae1 Rc4 25. Qd1 Qb2 26. Nf5 Qxa3 27. Qh5
f6 28. Nxg7 Kxg7 29. Rg3+ Kh8 30. Qf7 Qf8 31. Rg8+ Qxg8 32. Qxf6+ Qg7 33. Qxd8+
Qg8 34. Qf6+ Qg7 35. Qd8+ 1/2-1/2

[Event "80th ch-UKR 2011"]
[Site "Kiev UKR"]
[Date "2011.06.15"]
[Round "6"]
[White "Areshchenko, Alexander"]
[Black "Kryvoruchko, Yuriy"]
[Result "0-1"]
[WhiteTitle "GM"]
[BlackTitle "GM"]
[WhiteElo "2694"]
[BlackElo "2640"]
[WhiteFideId "14109530"]
[BlackFideId "14109182"]
[EventDate "2011.06.10"]

1. e4 e5 2. Nf3 Nc6 3. Bb5 Nf6 4. d3 Bc5 5. O-O d6 6. Be3 Bxe3 7. fxe3 O-O 8.
Nbd2 Ne7 9. Nh4 c6 10. Ba4 d5 11. Bb3 Be6 12. Qf3 a5 13. exd5 cxd5 14. Qg3 Nc6
15. Ba4 Nd7 16. Bxc6 bxc6 17. a4 Qb6 18. b3 f5 19. Kh1 e4 20. dxe4 fxe4 21. Qd6
c5 22. Qxb6 Nxb6 23. g3 c4 24. Kg1 c3 25. Rxf8+ Rxf8 26. Nb1 Rc8 27. Ng2 g5 28.
h4 h6 29. Na3 Kf7 30. Rb1 Bd7 31. Rf1+ Ke7 32. Nb5 Bxb5 33. axb5 Rf8 34. Ra1 Ra8
35. Rf1 Ke6 36. Kh2 Nd7 37. Ra1 Kd6 38. Rf1 Ke6 39. Ra1 Ne5 40. b6 Nc6 41. Kh3
Rf8 42. hxg5 hxg5 43. Kg4 Rg8 44. b7 Ne5+ 45. Kh5 Kf5 46. Rf1+ Nf3 47. Kh6 Rh8+
48. Kg7 Rb8 0-1

[Event "80th ch-UKR 2011"]
[Site "Kiev UKR"]
[Date "2011.06.15"]
[Round "6"]
[White "Miroshnichenko, Evgenij"]
[Black "Vysochin, Spartak"]
[Result "1-0"]
[WhiteTitle "GM"]
[BlackTitle "GM"]
[WhiteElo "2651"]
[BlackElo "2529"]
[WhiteFideId "14102595"]
[BlackFideId "14103516"]
[EventDate "2011.06.10"]

1. c4 e5 2. g3 Nf6 3. Bg2 h6 4. Nc3 Bb4 5. e4 Bxc3 6. bxc3 O-O 7. Ne2 Re8 8. O-O
c6 9. a4 b6 10. f4 exf4 11. Nxf4 Nxe4 12. d3 Nf6 13. Nh5 Nxh5 14. Qxh5 Qe7 15.
Bf4 Na6 16. Bd6 Qe3+ 17. Kh1 g6 18. Qh4 Bb7 19. Bf4 g5 20. Qxh6 gxf4 21. Rxf4
Qe6 22. Qh5 Kf8 23. Raf1 Ke7 24. Re4 Rf8 25. Rxe6+ fxe6 26. Qh4+ Kd6 27. Qd4+
Kc7 28. Qe5+ d6 29. Qg7+ 1-0

[Event "80th ch-UKR 2011"]
[Site "Kiev UKR"]
[Date "2011.06.17"]
[Round "7"]
[White "Kovchan, Alexander"]
[Black "Volokitin, Andrei"]
[Result "0-1"]
[WhiteTitle "GM"]
[BlackTitle "GM"]
[WhiteElo "2558"]
[BlackElo "2677"]
[WhiteFideId "14103052"]
[BlackFideId "14107090"]
[EventDate "2011.06.10"]

1. e4 c5 2. Nf3 d6 3. d4 cxd4 4. Nxd4 Nf6 5. Nc3 a6 6. Be2 e6 7. f4 Qc7 8. O-O
Be7 9. Kh1 O-O 10. a4 b6 11. Bf3 Bb7 12. e5 dxe5 13. fxe5 Nfd7 14. Bxb7 Qxb7 15.
Bf4 Nc6 16. Qf3 Rfc8 17. Rad1 Ra7 18. Qg3 Nf8 19. Ne4 Nxd4 20. Rxd4 Rxc2 21.
Nf6+ Kh8 22. Bg5 Ng6 23. Ne4 h6 24. Bxe7 Qxe7 25. Nd6 Qg5 26. Rg4 Rc1 27. Rf4
Rxf1+ 28. Rxf1 Qxg3 29. hxg3 Nxe5 30. Nc8 Rb7 31. b4 Nc4 32. Rc1 b5 33. a5 Kh7
34. Rd1 Ne3 35. Re1 Nd5 36. Rb1 Rd7 37. Kg1 Kg6 38. Rb2 Rd8 39. Na7 Ne7 40. Rc2
Rd4 41. Nc6 Nxc6 42. Rxc6 Rxb4 43. Rxa6 Ra4 44. Ra8 h5 45. a6 e5 46. Rb8 Rxa6
47. Rxb5 f6 0-1

[Event "80th ch-UKR 2011"]
[Site "Kiev UKR"]
[Date "2011.06.17"]
[Round "7"]
[White "Vysochin, Spartak"]
[Black "Areshchenko, Alexander"]
[Result "1/2-1/2"]
[WhiteTitle "GM"]
[BlackTitle "GM"]
[WhiteElo "2529"]
[BlackElo "2694"]
[WhiteFideId "14103516"]
[BlackFideId "14109530"]
[EventDate "2011.06.10"]

1. e4 c5 2. c3 d5 3. exd5 Qxd5 4. d4 Nc6 5. Nf3 Bf5 6. Be3 cxd4 7. Nxd4 Nxd4 8.
cxd4 Bxb1 9. Qa4+ Kd8 10. Rxb1 Nf6 11. f3 Qe6 12. Kf2 Qf5 13. d5 Qxb1 14. Qa5+
Kc8 15. Be2 Qxh1 16. Qc3+ Kd8 17. Qa5+ Ke8 18. Bb5+ Nd7 19. Bxd7+ Kxd7 20. Qb5+
Kd8 21. Qa5+ Kd7 1/2-1/2

[Event "80th ch-UKR 2011"]
[Site "Kiev UKR"]
[Date "2011.06.18"]
[Round "8"]
[White "Miroshnichenko, Evgenij"]
[Black "Kovchan, Alexander"]
[Result "1/2-1/2"]
[WhiteTitle "GM"]
[BlackTitle "GM"]
[WhiteElo "2651"]
[BlackElo "2558"]
[WhiteFideId "14102595"]
[BlackFideId "14103052"]
[EventDate "2011.06.10"]

1. c4 c5 2. Nc3 g6 3. g3 Bg7 4. Bg2 Nc6 5. a3 a5 6. e3 e5 7. Nge2 Nge7 8. O-O
O-O 9. d3 d6 10. Rb1 Rb8 11. Bd2 Bf5 12. Qc2 Qd7 13. Nb5 Rfd8 14. Nec3 b6 15.
Rfe1 h6 16. e4 Bh3 17. Qd1 Bxg2 18. Kxg2 Rf8 19. Rf1 Kh7 20. f3 Nd4 21. b4 axb4
22. axb4 f5 23. bxc5 bxc5 24. Ra1 Nec6 25. Be3 fxe4 26. dxe4 Rf7 27. Ra2 Rbf8
28. Raf2 Nb4 29. f4 exf4 30. Bxf4 g5 31. Be3 Nbc2 32. Bxd4 Nxd4 33. Rxf7 Rxf7
34. Rxf7 Qxf7 35. Nxd6 Qe6 36. e5 Qxe5 37. Qd3+ Kg8 38. Qg6 Qe6 39. Qxe6+ Nxe6
40. Nce4 h5 41. Ne8 Kf7 42. Nxg7 Kxg7 43. Kf3 g4+ 44. Ke3 Kg6 45. Nf2 Nd4 46.
Nd3 h4 47. Kf4 Kh5 48. Nxc5 Ne2+ 49. Ke5 hxg3 50. hxg3 Nxg3 51. Ne6 Ne2 52. Nf4+
Nxf4 53. Kxf4 Kg6 54. Kxg4 1/2-1/2

[Event "80th ch-UKR 2011"]
[Site "Kiev UKR"]
[Date "2011.06.18"]
[Round "8"]
[White "Vovk, Yuri"]
[Black "Korobov, Anton"]
[Result "0-1"]
[WhiteTitle "GM"]
[BlackTitle "GM"]
[WhiteElo "2550"]
[BlackElo "2660"]
[WhiteFideId "14113171"]
[BlackFideId "14105730"]
[EventDate "2011.06.10"]

1. d4 d5 2. Nf3 Nf6 3. c4 c6 4. Nc3 e6 5. Qd3 dxc4 6. Qxc4 b5 7. Qd3 Nbd7 8. Bg5
Bb7 9. e4 h6 10. Bh4 b4 11. Na4 Qa5 12. b3 Nb6 13. Nb2 Be7 14. Nd2 O-O 15. e5
Nfd5 16. Bxe7 Nxe7 17. Ne4 Rad8 18. Nd6 Ba8 19. Qa6 Qd5 20. O-O-O Nbc8 21. Nxc8
Nxc8 22. f3 Qd7 23. Qa5 Qe7 24. Qc5 Qg5+ 25. Kb1 Rd5 26. Qxb4 c5 27. dxc5 Rxd1+
28. Nxd1 Rd8 29. Qe1 Ne7 30. h4 Qg6+ 31. Kb2 Nf5 32. Rh3 Rd5 33. g4 Nd4 34. Qc3
Nxf3 35. h5 Qg5 36. Rxf3 Rxd1 37. c6 Rd2+ 38. Ka3 a5 39. Rd3 Qe7+ 40. Ka4 Bxc6+ 0-1

[Event "80th ch-UKR 2011"]
[Site "Kiev UKR"]
[Date "2011.06.19"]
[Round "9"]
[White "Kovchan, Alexander"]
[Black "Areshchenko, Alexander"]
[Result "0-1"]
[WhiteTitle "GM"]
[BlackTitle "GM"]
[WhiteElo "2558"]
[BlackElo "2694"]
[WhiteFideId "14103052"]
[BlackFideId "14109530"]
[EventDate "2011.06.10"]

1. e4 c5 2. Nf3 d6 3. d4 cxd4 4. Nxd4 Nf6 5. Nc3 a6 6. Be2 e5 7. Nb3 Be7 8. O-O
O-O 9. Be3 Be6 10. Qd2 Nbd7 11. a4 Rc8 12. a5 Qc7 13. Rfd1 Rfd8 14. Qe1 h6 15.
h3 Re8 16. Bf3 Nf8 17. Bb6 Qb8 18. Nd2 N8h7 19. Be3 Ng5 20. Bxg5 hxg5 21. Nf1 g4
22. hxg4 Nxg4 23. Rd3 g6 24. b3 Nf6 25. Ne3 b5 26. axb6 Qxb6 27. Ra2 Rc6 28. Na4
Qb8 29. c4 Rc7 30. Qd1 Rb7 31. Ra1 Bd7 32. Nb2 Qa7 33. Nc2 Bc6 34. Qe2 Rbb8 35.
b4 Qb7 36. Re3 Ra8 37. Nd1 Kg7 38. Nc3 Bd7 39. Qd1 Qc8 40. Be2 Rh8 41. Nd5 Nxd5
42. cxd5 Rh6 43. g3 Qh8 44. Bf3 Qh7 45. Na3 Bg4 46. Bxg4 Rh1+ 47. Kg2 Qh2+ 48.
Kf3 Rxd1 49. Rxd1 f5 50. exf5 gxf5 51. Bxf5 Rf8 52. Ke4 Rxf5 53. Kxf5 Qh5+ 54.
Ke6 Bf8 0-1

[Event "80th ch-UKR 2011"]
[Site "Kiev UKR"]
[Date "2011.06.20"]
[Round "10"]
[White "Vovk, Yuri"]
[Black "Volokitin, Andrei"]
[Result "1/2-1/2"]
[WhiteTitle "GM"]
[BlackTitle "GM"]
[WhiteElo "2550"]
[BlackElo "2677"]
[WhiteFideId "14113171"]
[BlackFideId "14107090"]
[EventDate "2011.06.10"]

1. d4 Nf6 2. c4 g6 3. Nc3 d5 4. cxd5 Nxd5 5. Bd2 Bg7 6. Nf3 O-O 7. Rc1 Nxc3 8.
Bxc3 Bg4 9. Qb3 Bxf3 10. gxf3 Bxd4 11. Qxb7 Bxc3+ 12. Rxc3 Nd7 13. Qxc7 Nb6 14.
e4 Na4 15. Qxd8 Rfxd8 16. Rc2 Rac8 17. Rxc8 Rxc8 18. b3 Nc3 19. Kd2 Nxa2 20. Bc4
Rd8+ 21. Ke3 Rd7 22. f4 Kg7 23. h4 Nb4 24. Rc1 Rc7 25. Kd2 e6 26. Ra1 Nc6 27.
Kc3 Ne7 28. Ra5 Ng8 29. Kd4 Nf6 30. f3 Nh5 31. Ke5 Rd7 32. f5 exf5 33. exf5 Re7+
34. Kd6 Kf6 35. fxg6 fxg6 36. Bb5 Nf4 37. Ra4 Re6+ 38. Kc5 g5 39. hxg5+ Kxg5 40.
Rxa7 h5 41. b4 h4 42. Rg7+ Rg6 43. Rh7 Rh6 44. Rxh6 Kxh6 45. Bf1 h3 46. Bxh3
Nxh3 47. b5 Nf4 48. Kd4 Ne6+ 49. Ke5 Nc5 50. Kf6 Nd7+ 51. Kf5 Kg7 52. Ke6 Nc5+
53. Kd6 Na4 54. Ke5 Kf7 55. f4 Nb6 1/2-1/2

[Event "80th ch-UKR 2011"]
[Site "Kiev UKR"]
[Date "2011.06.20"]
[Round "10"]
[White "Kryvoruchko, Yuriy"]
[Black "Vysochin, Spartak"]
[Result "1-0"]
[WhiteTitle "GM"]
[BlackTitle "GM"]
[WhiteElo "2640"]
[BlackElo "2529"]
[WhiteFideId "14109182"]
[BlackFideId "14103516"]
[EventDate "2011.06.10"]

1. e4 e6 2. d4 d5 3. Nc3 dxe4 4. Nxe4 Nd7 5. Nf3 Ngf6 6. Nxf6+ Nxf6 7. Bd3 c5 8.
Be3 Nd5 9. Ne5 a6 10. O-O Bd6 11. Qh5 Qc7 12. Nc4 Be7 13. dxc5 Nxe3 14. Nd6+
Bxd6 15. cxd6 Qxd6 16. fxe3 g6 17. Qg5 f5 18. Rad1 Qe5 19. e4 O-O 20. exf5 Qc5+
21. Kh1 exf5 22. Rfe1 Bd7 23. Qh4 Be8 24. Re7 Bf7 25. Rxb7 Rae8 26. b3 Qd5 27.
Ra7 a5 28. h3 Re3 29. Re1 Qc5 30. Rxe3 Qxe3 31. Re7 Qc1+ 32. Kh2 Qb2 33. Bc4 h5
34. Rxf7 Rxf7 35. Qe7 1-0

[Event "80th ch-UKR 2011"]
[Site "Kiev UKR"]
[Date "2011.06.20"]
[Round "10"]
[White "Miroshnichenko, Evgenij"]
[Black "Korobov, Anton"]
[Result "1/2-1/2"]
[WhiteTitle "GM"]
[BlackTitle "GM"]
[WhiteElo "2651"]
[BlackElo "2660"]
[WhiteFideId "14102595"]
[BlackFideId "14105730"]
[EventDate "2011.06.10"]

1. c4 Nf6 2. Nc3 e5 3. Nf3 Nc6 4. d3 d5 5. cxd5 Nxd5 6. g3 Be7 7. Bg2 Nb6 8. O-O
O-O 9. a3 a5 10. Be3 Be6 11. Bxb6 cxb6 12. Nd2 f5 13. Nc4 e4 14. Qa4 Nd4 1/2-1/2

[Event "80th ch-UKR 2011"]
[Site "Kiev UKR"]
[Date "2011.06.21"]
[Round "11"]
[White "Volokitin, Andrei"]
[Black "Miroshnichenko, Evgenij"]
[Result "1-0"]
[WhiteTitle "GM"]
[BlackTitle "GM"]
[WhiteElo "2677"]
[BlackElo "2651"]
[WhiteFideId "14107090"]
[BlackFideId "14102595"]
[EventDate "2011.06.10"]

1. e4 e5 2. Nf3 Nc6 3. Bb5 Nf6 4. O-O Nxe4 5. d4 Nd6 6. Bxc6 dxc6 7. dxe5 Nf5 8.
Qxd8+ Kxd8 9. h3 h6 10. Rd1+ Ke8 11. Nc3 Ne7 12. Bf4 Ng6 13. Bh2 Bb4 14. Ne2 Be7
15. Nfd4 Bd7 16. Ng3 h5 17. Ngf5 Bf8 18. Re1 Ne7 19. e6 fxe6 20. Nxe7 Bxe7 21.
Bxc7 Rc8 22. Ba5 Rh6 23. Rad1 c5 24. Nf3 Bf6 25. Bd2 Rh8 26. Ne5 Rd8 27. Bc3 Rh6
28. Rd6 Bc8 29. Rxd8+ Bxd8 30. Nc4 Rh7 31. Nd6+ Kd7 32. Nxc8 Kxc8 33. Rxe6 g5
34. Kf1 Kd7 35. Rg6 Rf7 36. Bd2 Rf5 37. c4 h4 38. Bc3 Bc7 39. Rf6 Rxf6 40. Bxf6
Bf4 41. Ke2 Ke6 42. Bd8 Ke5 43. Kf3 Kd4 44. Kg4 Kxc4 45. Bxg5 Be5 46. b3+ Kd3
47. Be7 Bd4 48. f4 Ke4 49. f5 1-0